000 00714nam a22002177a 4500
003 NALT
005 20220819185511.0
008 s2546 th j tha d
020 _a9749120639
040 _aNALT
041 _atha
090 _aSC
_bช196ฆ 2546
100 0 _aชยุตม์ นนทบุรี
_914804
245 1 0 _aฆ่านายกรัฐมนตรี /
_cชยุตม์ นนทบุรี.
260 0 _aกรุงเทพฯ :
_bอินฟอร์มีเดีย บุ๊คส์,
_c2546.
300 _a252 หน้า ;
_c18 ซม.
650 4 _aเรื่องสั้น
_9460
850 _aNALT
942 _cSHT
_2local
998 _bpotjapin
_j111
_k นางสาวพจพิณ พรมเอี่ยม
999 _c11868
_d11868